| 000 | 00663cam a22002172 4500 | ||
|---|---|---|---|
| 001 | 0000024870 | ||
| 005 | 20151217155237.0 | ||
| 008 | 140320s xx 000 0 eng d | ||
| 020 | _a0321602617 : | ||
| 040 |
_aKABU _cKABU |
||
| 100 | 1 |
_aMarieb, Elaine N. _@0000185121 |
|
| 245 | 1 | 0 |
_aHuman anatomy and physiology / _cElaine N. Marieb and Katja Hoehn. |
| 250 | _a8th ed. | ||
| 260 |
_aNew York : _bBenjamin Cumming, _c2010. |
||
| 300 | _a1 v. (various pagings). | ||
| 650 | 0 |
_aHuman physiology. _@0000155597 |
|
| 650 | 0 |
_aHuman anatomy. _@0000155598 |
|
| 852 | 1 | _9p7420 KES | |
| 908 | _a140320 | ||
| 950 | _@1 | ||
| 999 |
_c12248 _d12248 |
||